| 000 | 00885nam a2200241 a 4500 | ||
|---|---|---|---|
| 005 | 20090912142531.0 | ||
| 008 | 080424s2008 nyua j 000 1 eng | ||
| 010 | _aB-358081 | ||
| 020 |
_a9788126417810 _c60.00 |
||
| 035 | _aB-358081 | ||
| 037 | _bDBAD / PUB | ||
| 040 |
_adpl _bEnglish |
||
| 082 | _aS | ||
| 100 | _aNambiar, Aparna | ||
| 245 |
_aLittle lessons a surprise gift & Diya's baby sister / _cby Aparna Nambiar; illustrated by K.G. Manoj |
||
| 260 |
_aKerala _bDC Books _c2008 |
||
| 270 |
_aDC Kizhakemuri Edam, Good Shepherd Street, Kottayam _b686001 |
||
| 300 |
_a29p.: _bcol. ill. ; _c22cm(pbk) |
||
| 650 | _aChildren's stories, English | ||
| 700 | _aManoj, K.G. | ||
| 942 |
_2ddc _cCH _hS _mNAM |
||
| 999 |
_c30335 _d30335 |
||